000 04160nam a22003257i 4500
001 TCPA 89
003 gtcocun
005 20250818204245.0
006 a||||gr|||| 00| 0
007 ta
008 250818b2021 gt ||||| m||| 00| 0 eng d
040 _agtcocun
_bSPA
_cgtcocun
_eRDA
041 _aSPA
084 _0TCPA
100 _aAcaham Cuc, Erick Rodolfo
_eAutor
245 _aInforme final del Ejercicio Profesional Supervisado, realizado en la empresa Rapicopias, ubicada en la ciudad de Cobán, departemento de Alta Verapaz/
_cErick Rodolfo Acaham Cuc
_hImpreso
264 _aCobán, Alta Verapaz:
_bUniversidad de San Carlos de Guatemala, Centro Universitario del Norte, Licenciatura en Contaduría Pública y Auditoría.
_c2021
300 _a63 p:
_bIlustraciones, gráficas.
_c28 cm; PDF
336 _2rdacontenido
_aTexto
_btxt
337 _2rdamedio
_aComputadora
_bn
338 _2rdasoporte
_aCódigo en línea
_bcr
502 _e.
502 _aTesis de grado
_bLicenciatura en Contaduría Pública y Auditoría.
_cUniversidad de San Carlos de Guatemala, Centro Universitario del Norte, Licenciatura en Contaduría Pública y Auditoría.
_d2021
_oTCPA
520 1 4 _aEl presente trabajo de graduación, comprende la integración de los resultados del informe final del Ejercicio Profesional Supervisado (EPS), mismos que tuvieron por objeto, coadyuvar a la solución de la problemática socioeconómica de los distintos sectores sociales de la región y en especial al de la unidad de práctica en la cual se llevó a cabo. De acuerdo al artículo 11o. del normativo, el EPS se desarrolla en cuatro etapas principales: elaboración del diagnóstico, elaboración del plan de trabajo, ejecución de plan de trabajo y entrega y presentación de informe final en la unidad de práctica. En cumplimiento a lo indicado en el normativo, la etapa de elaboración del diagnóstico, requirió de la familiarización, reconocimiento y posterior evaluación a la unidad de práctica, examinando para el efecto, las principales áreas involucradas en la toma de decisiones empresariales; área administrativa y de control interno, área financiera, área fiscal y área de presupuestos. Los resultados del diagnóstico empresarial evidenciaron, inconsistencias en las declaraciones de impuestos e información presentada a la Administración Tributaria, riesgo material en las cuentas de propiedad, planta y equipo, inadecuada estructuración y manejo de libros contables, deficiencias en la organización y sistematización contable y deficiencias en el área de análisis e interpretación de estados financieros. La fase de planificación tuvo como fin la estructuración sistemática de las actividades a ejecutar en el trabajo de campo, considerando la jerarquización de las situaciones detectadas, partiendo del grado de importancia y necesidad de información. Como alternativas de solución y prevención se llevaron a cabo las siguientes actividades: ejecución de auditoría tributaria, ejecución de auditoría especial al rubro de propiedad planta y equipo, reestructuración de registros contables, organización y sistematización contable y generación de informe de análisis e interpretación de estados financieros. Cada uno de los resultados obtenidos de la ejecución de las actividades antes mencionadas, coadyuvan con la mejora continua de la unidad de práctica, cumplimiento adecuado de las obligaciones emanadas de las normativas legales vigentes en el país en materia tributaria, a la adecuada administración de los activos fijos, a la presentación de información financiera, optimización en el uso de recursos y la implementación de herramientas de análisis en el área de administración financiera.
650 _2LEMB
_aCobán, Alta Verapaz
_xAnálisis
_xdiagnóstico
_xauditoría
_xnormas
_xprocedimientos
_xreestructuración
700 _aLic. Mario Fernando Barrios Figueroa
_eAsesor
856 _uhttps://drive.google.com/file/d/1uh2fPZdLNpN7sh2PBRKy_Yi3qTjF8x5D/view?usp=sharing
_yPDF
_zUn ejemplar en línea.
942 _2ddc
_cTES
_iTCPA_89
_kClasificación
_n0
_6TCPA__89
999 _c1175
_d1175